| 000 | 00768nam a22001457a 4500 | ||
|---|---|---|---|
| 040 | _cNUST | ||
| 082 | _a621.384151,HUN | ||
| 100 |
_aHund, August _9113940 |
||
| 245 |
_aShort-wave radiation phenomena / _cAugust Hund |
||
| 250 |
_a1st ed _bVol-1 |
||
| 260 |
_aNew York _bMcGraw-Hill _c 1952 |
||
| 300 | _axvi,788 p.; | ||
| 505 | _aCh-1: Fundamental Concepts and Relations of Currents and Electromagenetic Fields (Page-3), Ch-2; Space Electromah=genatics Fields of Elementary Electric and Magnetic Dipoles (Page-144), Ch-3: Fundamental methods Used in Electromagnetic Theory (Page-195), Ch-4: Propagation Characteristics (Page-362), Ch-5: Transmission Lines and Radiation (Page-402), Ch-6: Unobstructed Space Radiation (Page-529). | ||
| 942 |
_2ddc _cBK _k621.384151,HUN |
||
| 999 |
_c595367 _d595367 |
||